Dzień w historii – sierpień - Statystyki

Ogólne statystyki
  • Ten quiz został rozwiązany 1 560 razy
  • Średni wynik to 16 z 31
Statystyki odpowiedzi
Data Rok Podpowiedź Odpowiedź % Poprawnych
1 sie 1944 Wybucha to polskie powstanie przeciwko Niemcom Powstanie warszawskie
99%
6 sie 1945 Bomba atomowa zostaje zrzucona na to miasto Hiroszima
82%
14 sie 1980 Lech Wałesa prowadzi strajk robotniczy w tym mieście Gdańsk
79%
12 sie 30 p.n.e. Ta egipska królowa popełnia samobójstwo, ponoć przez ukąszenie węża Kleopatra VII
74%
16 sie 2008 Ten jamajski biegacz pobił rekord świata w biegu na 100 mwynoszący 9,69 s, a równo rok później pobiegł o 0,11 s szybciej Usain Bolt
73%
2 sie 2007 Dwie łodzie podwodne z tego kraju popłynęły na dno morza na biegunie północnym i umieściły tam swoją flagę Rosja
71%
18 sie 2021 Ten legendarny polski piłkarz ustąpił ze stanowiska prezesa PZPN Zbigniew Boniek
71%
21 sie 1959 To terytorium staje się 50. stanem USA Hawaje
70%
24 sie 2006 Ten objekt z Pasa Kuipera zostaje uznanyza planetę karłowatą, a nie planetę Pluton
69%
13 sie 1920 W Warszawie rozpoczyna się bitwa toczonaprzez Polskę przeciwko temu najeźdżcy Bolszewicy
68%
9 sie 1965 Miasto to zostaje wydalone z Malezji, stając się niepodległym państwem Singapur
68%
23 sie 1980 W tym mieście otwarto Stadion Miejski,na którym dziś mecze rozgrywa drużyna znana jako Kolejorz Poznań
64%
15 sie 1281 Po raz drugi "boski wiatr" niszczy flotę mongolskąpróbującą najechać ten wyspiarski kraj Japonia
63%
26 sie 1991 Polska uznaje niepodległość tego państwa od ZSRR Litwa
62%
3 sie 1569 Ten region obejmujący części współczesnych Łotwy i Estonii zostaje przyłaczony do Rzeczypospolitej Inflanty
56%
19 sie 1991 Przeprowadzony zostaje nieudany zamach na tego radzieckiego przywódcę Michaił Gorbaczow
54%
8 sie 1974 Ten prezydent USA rezygnuje ze stanowiska Richard Nixon
50%
5 sie 1962 Ciało tej 36-letniej aktorki zostaje znalezione martwe,najprawdopodobniej w wyniku samobójstwa Marilyn Monroe
49%
31 sie 1997 Ta znana osoba ginie w wypadku samochodowym,będąc wcześniej ścigana przez paparazzich Księżna Diana
47%
30 sie 1963 Powstaje połączenie znane jako"czerwony telefon" między Moskwą, a tym miastem Waszyngton
43%
27 sie 479 p.n.e. Grecy pokonują wojska tego imperium pod Platejami i Mykale przerywając jego inwazję na nich Imperium Perskie
42%
4 sie 70 Rzymianie niszczą świątynię w tym mieście Jerozolima
40%
7 sie 1856 Pierwsi polscy osadnicy przybyli do tego odległego kraju Australia
38%
29 sie 1966 Ta grupa muzyczna zagrała w San Francisco swój ostatni oficjalny koncert The Beatles
37%
11 sie 1919 Nowa konstytucja zostaje podpisana w tym mieście, od którego pochodzi zwyczajowa nazwa ówczesnych Niemiec Weimar
33%
10 sie 1920 Traktat w Sèvres zostaje podpisany przez to państwo z Ententą Turcja
30%
22 sie 1864 Podpisana zostaje pierwsza konwencja genewska,która doprowadza do powstania tej organizacji Czerwony Krzyż
26%
25 sie 1875 Matthew Webb staje się pierwszą osobą, która przepływa wpław tę cieśninę Kanał La Manche
24%
28 sie 1879 W RPA Brytyjczycy pojmują Cetshwayo, ostatniego króla niepodległego państwa tej grupy ludności Zulusi
22%
20 sie 1794 Wybucha powstanie wielkopolskie w ramachtego wystąpienia przeciw Rosji i Prusom Insurekcja kościuszkowska
19%
17 sie 2024 To miasto zostaje ogłoszone nową, przyszłą stolicą Indonezji Nusantara
7%
Nie znaleziono quizów pasujących do podanych kryteriów
Rozkład punktacji
Procent ludzi z każdym wynikiem
Percentyl według liczby udzielonych odpowiedzi
Twoja historia wyników
Nie rozwiązałeś tego quizu